000 01261nam0a2200313 4500
001 RU\NLR\bibl\1724448
005 20260405234641.0
010 _a978-5-903514-02-1
_93000
021 _aRU
_b2010-99198
_96699
035 _a(NLR Aleph) 001715424
090 _a1306353
_c1306353
100 _a20110119d2010 |||y0rusy50 ca
101 0 _arus
102 _aRU
105 _aa |||||||||
200 1 _aДневник фашиста, 1939-1943
_fГалеаццо Чиано
_g[вступ. ст., указ. Ефимов А.В., Сагань А.Ю.]
210 _aМосква
_cПлацъ
_d2010
215 _a671 с.
_cил.
_d21
225 1 _aПервоисточники новейшей истории
300 _aНа 9-й с. авт.: граф Галеаццо ди Картелаццо Чиано
320 _aИмен. указ.: с. 650-670
606 1 _aФашизм
_jВоспоминания, записки и т.п.
_xИстория
_yИталия
_91874988
_3RU\NLR\auth\661142313
686 _aТ3(4Ит)63,013
700 1 _4070
_8rus
_7ca
_aЧиано
_bГалеаццо
_f1903-1944
_gГалеаццо
_3RU\NLR\auth\77108292
_991217
801 0 _aRU
_bNLR
_c20110119
_gRCR
801 1 _aRU
_bNLR
_c20110119
942 _cBOOK
980 _aNB